| 000 | 00868cab a2200229 4500 | ||
|---|---|---|---|
| 001 | WB3424-24 | ||
| 008 | 090401t1998 xxu||||| |||| 00| 0 eng d | ||
| 035 | _a(Sirsi) u86950 | ||
| 041 | _aeng | ||
| 245 | _aInformation bill faces revision | ||
| 260 | _c1998 | ||
| 350 | _a0 | ||
| 490 |
_aFinancial Times _v20 June 1998, 6(1) |
||
| 520 | _aThe government has decided that the freedom of information bill will allow companies to appeal against requests for commercial information which they believe would harm their interests. Third party appeals will enable companies to argue that disclosure of information would cause `substantial harm` to their interests. | ||
| 650 | _aAPPEALS | ||
| 650 | _aCOMMERCIAL CONFIDENTIALITY | ||
| 650 | _aCOMPANY INFORMATION | ||
| 650 | _aFREEDOM OF INFORMATION BILL | ||
| 690 | _aLAW | ||
| 942 | _n0 | ||
| 948 | _c23/06/1998 | ||
| 999 |
_c54757 _d54757 |
||